000 00541nam a2200217Ia 4500
003 OSt
005 20220928151058.0
006 a|||||r|||| 00| 0
007 ta
008 220927b |||||||| |||| 00| 0 eng d
024 _a112180
037 _cTextual
040 _aSDCL
_cSDCL
_beng
041 _2eng
_aeng
082 _aO142,3M70x, 152P4
100 _aBownin Ivan
_9515444
245 0 _aChuni hui rachnaye.
260 _c2004
942 _hO142,3M70x, 152P4
_cTEXL
_2CC
999 _c848920
_d848920